00843nam a2200229Ia 4500003000400000005001700004008004100021020002200062040000700084041000800091082002200099100004600121245008800167260003800255300001600293365001300309650003200322906009300354942001200447999001900459952013500478OSt20230503143742.0210423s2011 xx 000 0 und d a978-81-322-0236-3 cAL aeng a338.04 223bACSH aACS (Zoltan J);AUDRETSCH (David B)997157 aHandbook of entrepreneurship research: an interdisciplinary survey and introduction aNew DelhibSpringer Pvt Ltdc2011 axvi,555bPB b695cINR aProduction Economics997158 aan ; entrepreneurship ; Handbook ; interdisciplinary ; introduction ; research: ; survey 2ddccBK c171000d171000 001040708MCOMaSACPGbSACPGd2021-03-15eVidyarthi Booksg695.00l0o338.04 ACSHpPG017502r2022-08-24 00:00:00w2021-04-26yBK